000 00748nam a2200193Ii 4500
003 JO-AjNU
008 230605s9999||||xx |||||||||||||| ||und||
040 _aJO-AjNU
_bara
_erda
_cJO-AjNU
041 _aara
050 1 4 _aQA303.N8764 1996
100 3 _aنصير ، عبدالمجيد ، م مشارك بسام الناشف ,
_eauthor
_950854
245 0 0 _aالحسبان الشامل في التفاضل والتكامل والهندسة التحليلية
264 3 1 _aاربد :دار الكندي للنشر ، 1996
300 _a510ص
336 _atext
_btxt
_2rdacontent
337 _aunmediated
_bn
_2rdamedia
338 _avolume
_bnc
_2rdacarrier
650 4 _aالتفاضل والتكامل -الهندسة التحليلية
_950855
999 _aA22427
_c25995
_d25995